Ho pots evitar : Consells de prevenció i actuació en cas d'incendi a casa / Consells de prevenció i actuació en cas d'incendi a casa /
Descripción Física:
1 quadríptic ; il. col. ; 21 x 10 cm.
Otros Autores:
Agustí Boix, Eduard
Idioma:
Catalán
MARC
| LEADER | 00000nam a22000007a 4500 | ||
|---|---|---|---|
| 001 | 26978 | ||
| 003 | Arxiu | ||
| 005 | 20260324181144.0 | ||
| 008 | 221122b spa||||| |||| 00| 0 cat d | ||
| 017 | |a B 24002-2014 | ||
| 040 | |a agdb |b cat | ||
| 245 | |a Ho pots evitar : |b Consells de prevenció i actuació en cas d'incendi a casa / |c Dibuixos originals d'Eduard Agustí | ||
| 260 | |a Barcelona : |b Bombers de la Generalitat de Catalunya : |b Diputació de Barcelona ; |c 2014 | ||
| 300 | |a 1 quadríptic ; |b il. col. ; |c 21 x 10 cm. | ||
| 650 | 0 | |a Incendis |x Prevenció |9 49592 | |
| 650 | 0 | |9 54711 |a Habitatges |x Incendis i prevenció d'incendis | |
| 700 | 1 | |9 54714 |a Agustí Boix, Eduard |e dibuixos | |
| 710 | 1 | |9 51750 |a Catalunya. |b Departament d'Interior, Relacions institucionals i Participació | |
| 710 | 1 | |a Barcelona (Catalunya : Província). |b Diputació |9 52408 | |
| 942 | |2 udc |c ARXIU |n 1 | ||
| 952 | |0 0 |1 0 |2 udc |4 0 |6 FU7348 |7 1 |9 64291 |a Arxiu |b Arxiu |d 2022-11-22 |l 0 |o FU-73-48 |p 26978 |r 2022-11-22 00:00:00 |w 2022-11-22 |y ARXIU | ||
| 999 | |c 82767 |d 82767 | ||